Ľudské práva v Slovenskej republike

Na minha lista:
Detalhes bibliográficos
Autor principal: Kráľ, Ján
Formato: Livro
Idioma:eslovaco
Publicado em: [S.l.] [s.n.] 2004
Assuntos:
Tags: Adicionar Tag
Sem tags, seja o primeiro a adicionar uma tag!

MARC

LEADER 00000nam$a2200000$$$4500
001 0023131
005 20221207102703.1
020 |a 80-969034-1-1 
041 0 |a slo 
044 |a SK 
245 1 0 |a Ľudské práva v Slovenskej republike  |c Ján Kráľ 
264 1 |a [S.l.]  |b [s.n.]  |c 2004 
300 |a 269 s. 
610 2 0 |a legislatíva 
610 2 0 |a predpisy právne 
610 2 0 |a práva ľudské 
610 2 0 |a ochrana ľudských práv 
610 2 0 |a právo ústavné 
610 2 0 |a právo štátne 
610 2 0 |a Slovensko 
100 1 |a Kráľ, Ján